Riadenie striedavých motorov

Gespeichert in:
Bibliographische Detailangaben
1. Verfasser: Czanik, Alexander, 1970- (Verfasst von)
Weitere Verfasser: Dúbravský, Jozef, 1952- (Betreuung Doktorarbeit)
Format: Manuskript Buch
Sprache:Slowakisch
Veröffentlicht: Bratislava : STU v Bratislave FEI, 2013
Schlagworte:
Online-Zugang:VAIS
Tags: Tag hinzufügen
Keine Tags, Fügen Sie das erste Tag hinzu!

MARC

LEADER 00000ntm a22000003a 4500
001 stu270703
005 20150617230232.0
008 130710s2013----xo------------------slo-d
040 |a STU  |b slo 
041 0 |a slo 
044 |a xo 
100 1 |a Czanik, Alexander,  |d 1970-  |4 aut  |u E  |T FEI Fakulta elektrotechniky a informatiky  |X 29039  |U E  |Y 30  |7 A000029039 
242 0 0 |a Management of DC motors   |y eng 
245 1 |a Riadenie striedavých motorov 
260 |a Bratislava :  |b STU v Bratislave FEI,  |c 2013 
300 |a 73 s  |c CD-ROOM 
650 7 |a meniče  |2 stusub 
700 1 |a Dúbravský, Jozef,  |d 1952-  |4 ths  |u E010  |T FEI Ústav riadenia a priemyselnej informatiky  |X 4934  |U E010  |Y E010  |7 A000004934 
856 4 |a info a plný text  |u http://is.stuba.sk/zp/portal_zp.pl?podrobnosti=92441  |3 VAIS 
996 |b 284EP10705  |c E*DIPL-10705  |l EE23  |s P  |a 0  |w stu270703_0001